Tạo dựng và quản trị thương hiệu: Danh tiếng lợi nhuận
Gespeichert in:
| 1. Verfasser: | |
|---|---|
| Format: | Buch |
| Sprache: | Undetermined |
| Veröffentlicht: |
H.
LĐXH
2003
|
| Schlagworte: | |
| Tags: |
Tag hinzufügen
Keine Tags, Fügen Sie den ersten Tag hinzu!
|
| Thư viện lưu trữ: | Trung tâm Học liệu Trường Đại học Cần Thơ |
|---|
| LEADER | 00567nam a2200181Ia 4500 | ||
|---|---|---|---|
| 001 | CTU_56959 | ||
| 008 | 210402s9999 xx 000 0 und d | ||
| 020 | |b 98000 | ||
| 082 | |a 658.827 | ||
| 082 | |b C561 | ||
| 100 | |a Lê Anh Cường | ||
| 245 | 0 | |a Tạo dựng và quản trị thương hiệu: Danh tiếng lợi nhuận | |
| 245 | 0 | |c Lê Anh Cường | |
| 260 | |a H. | ||
| 260 | |b LĐXH | ||
| 260 | |c 2003 | ||
| 650 | |a industrial management,product management,brand name products | ||
| 980 | |a Trung tâm Học liệu Trường Đại học Cần Thơ | ||